| 000 | 00505nam a22001697a 4500 | ||
|---|---|---|---|
| 999 |
_c2235 _d2235 |
||
| 005 | 20181009211437.0 | ||
| 008 | 181009b ||||| |||| 00| 0 eng d | ||
| 040 | _cDLC | ||
| 082 |
_a232 _bI541P |
||
| 100 | _aIngraham, J. H. | ||
| 245 |
_aPrince of the House of David; _bor Three Years in the Holy City _cJ. H. Ingraham |
||
| 260 |
_aNew York _bWard, Lock & Co |
||
| 300 | _a396p,; | ||
| 650 |
_aJesus Christ _xLiterature |
||
| 650 |
_aHistory of Biblical events _xBible.--New Testament |
||
| 942 |
_2ddc _cBK |
||